000 00446nam a2200217Ia 4500
001 081954
003 YMCAF
005 20230512161344.0
008 100717s2001 ||||||||||||||||| ||und|d
024 _a81954
035 _a21414
040 _aYMCAF
_beng
_cIN-KoLT
041 _aeng
082 _a621.9
_bDON
100 _aDonaldson, C
245 0 _aTool design
250 _a3rd
260 _bTMH
_c2001
300 _a981
942 _2ddc
_cBK
999 _c8276
_d8276